Politique Internationale en F - Statistiques

Statistiques générales
  • Ce quiz a été pris 126 fois
  • Le résultat moyen est 5 sur 10
Statistiques - réponses
Hint Réponse % Correct
Dictateur espagnol ayant dirigé le pays d’une main de fer de 1939 à 1975 après une guerre civile sanglante. Francisco Franco
100%
Pape de l'Église catholique de 2013 à 2025 François Ier
100%
Idéologie autoritaire et ultranationaliste née en Italie après 1918, fondée sur le culte du chef, la violence politique et le rejet de la démocratie. Fascisme
87%
État insulaire du Pacifique, symbole des conséquences du changement climatique, menacé de disparition par la montée des eaux. Fidji
81%
Organisation internationale regroupant les principales puissances économiques mondiales, visant à coordonner les politiques économiques et financières. FMI (Fonds monétaire international)
62%
Organisation armée et politique d’extrême gauche en Colombie, démobilisée en 2016 après un accord de paix avec le gouvernement. FARC (Forces armées révolutionnaires de Colombie)
48%
Homme politique britannique, figure de proue de l’extrême droite populiste et du mouvement eurosceptique, il a été l’un des principaux artisans du Brexit. Nigel Farage
26%
Ancien président de la République du Pérou de 1990 à 2000. À l'origine de tortures et de stérilisations forcées de masse, il est condamné à 25 ans de prison pour crimes contre l'humanité. Alberto Fujimori
12%
Système politique ou économique dans lequel les relations sont fondées sur la loyauté ou la dépendance envers une figure puissante, souvent au détriment des institutions. Féodalisme
11%
Premier ministre slovaque, populiste et pro-russe, il est victime d'une tentative d'assassinat en mai 2024. Robert Fico
9%
Aucun quiz correspondant
Distribution des résultats
% des personnes avec chaque résultat
Percentile par nombre de réponses
Votre historique - résultats
Vous n’avez pas pris ce quiz